Statistics for NBA Starting Power Forwards 2000s

Click here to take the quiz!

General Stats

  • This quiz has been taken 134 times
    (112 since last reset)
  • The average score is 211 of 294

Answer Stats

TEAMSEASONFIRST NAMELAST NAME% Correct
Memphis (Vancouver)2007-08PauGasol
94%
Memphis (Vancouver)2006-07PauGasol
94%
Memphis (Vancouver)2005-06PauGasol
94%
Memphis (Vancouver)2004-05PauGasol
94%
Memphis (Vancouver)2003-04PauGasol
94%
Memphis (Vancouver)2002-03PauGasol
94%
Memphis (Vancouver)2001-02PauGasol
94%
LA Lakers2009-10PauGasol
94%
LA Lakers2008-09PauGasol
94%
Utah2000-01KarlMalone
94%
Utah2001-02KarlMalone
94%
Utah2002-03KarlMalone
94%
LA Lakers2003-04KarlMalone
94%
San Antonio2000-01TimDuncan
93%
San Antonio2007-08TimDuncan
93%
San Antonio2006-07TimDuncan
93%
San Antonio2005-06TimDuncan
93%
San Antonio2004-05TimDuncan
93%
San Antonio2003-04TimDuncan
93%
San Antonio2002-03TimDuncan
93%
San Antonio2001-02TimDuncan
93%
San Antonio2009-10TimDuncan
93%
San Antonio2008-09TimDuncan
93%
Detroit2006-07RasheedWallace
93%
Portland2000-01RasheedWallace
93%
Charlotte2007-08GeraldWallace
93%
Portland2003-04RasheedWallace
93%
Detroit2004-05RasheedWallace
93%
Detroit2008-09RasheedWallace
93%
Portland2002-03RasheedWallace
93%
Detroit2007-08RasheedWallace
93%
Cleveland2008-09BenWallace
93%
Detroit2005-06RasheedWallace
93%
Portland2001-02RasheedWallace
93%
Dallas2001-02DirkNowitzki
92%
Dallas2002-03DirkNowitzki
92%
Dallas2004-05DirkNowitzki
92%
Dallas2003-04DirkNowitzki
92%
Dallas2005-06DirkNowitzki
92%
Dallas2006-07DirkNowitzki
92%
Dallas2007-08DirkNowitzki
92%
Dallas2008-09DirkNowitzki
92%
Dallas2009-10DirkNowitzki
92%
Dallas2000-01DirkNowitzki
92%
Miami2008-09UdonisHaslem
91%
Miami2004-05UdonisHaslem
91%
Miami2007-08UdonisHaslem
91%
Miami2006-07UdonisHaslem
91%
Miami2005-06UdonisHaslem
91%
Portland2007-08LaMarcusAldridge
90%
Portland2008-09LaMarcusAldridge
90%
Portland2009-10LaMarcusAldridge
90%
Minnesota2003-04KevinGarnett
90%
Minnesota2002-03KevinGarnett
90%
Minnesota2000-01KevinGarnett
90%
Minnesota2005-06KevinGarnett
90%
Boston2007-08KevinGarnett
90%
Boston2008-09KevinGarnett
90%
Boston2009-10KevinGarnett
90%
Minnesota2006-07KevinGarnett
90%
Minnesota2004-05KevinGarnett
90%
Indiana2002-03JermaineO'Neal
90%
Indiana2005-06JermaineO'Neal
90%
Indiana2006-07JermaineO'Neal
90%
Indiana2000-01JermaineO'Neal
90%
Indiana2001-02JermaineO'Neal
90%
Indiana2004-05JermaineO'Neal
90%
Indiana2003-04JermaineO'Neal
90%
New York2000-01LarryJohnson
89%
New York2001-02LarryJohnson
89%
Miami2003-04LamarOdom
89%
LA Lakers2004-05LamarOdom
89%
LA Lakers2006-07LamarOdom
89%
Chicago2000-01EltonBrand
88%
LA Clippers2005-06EltonBrand
88%
LA Clippers2001-02EltonBrand
88%
LA Clippers2006-07EltonBrand
88%
LA Clippers2002-03EltonBrand
88%
LA Clippers2003-04EltonBrand
88%
LA Clippers2004-05EltonBrand
88%
Philadelphia2009-10EltonBrand
88%
LA Lakers2000-01HoraceGrant
88%
Miami2001-02BrianGrant
88%
Miami2002-03BrianGrant
88%
LA Lakers2002-03SamakiWalker
88%
Atlanta2004-05AntoineWalker
88%
Boston2000-01AntoineWalker
88%
Boston2002-03AntoineWalker
88%
LA Lakers2001-02SamakiWalker
88%
Boston2001-02AntoineWalker
88%
Atlanta2009-10MarvinWilliams
88%
Atlanta2008-09MarvinWilliams
88%
Atlanta2007-08MarvinWilliams
88%
Toronto2002-03JeromeWilliams
88%
Atlanta2006-07MarvinWilliams
88%
Phoenix2002-03ScottWilliams
88%
Washington2003-04KwameBrown
87%
LA Lakers2005-06KwameBrown
87%
Charlotte2000-01P.J.Brown
87%
Charlotte2001-02P.J.Brown
87%
Chicago2006-07P.J.Brown
87%
Orlando2003-04JuwanHoward
85%
Denver2001-02JuwanHoward
85%
Washington2000-01JuwanHoward
85%
Denver2002-03JuwanHoward
85%
Houston2005-06JuwanHoward
85%
Houston2004-05JuwanHoward
85%
New Jersey2002-03KenyonMartin
85%
New Jersey2001-02KenyonMartin
85%
New Jersey2000-01KenyonMartin
85%
Denver2004-05KenyonMartin
85%
Denver2007-08KenyonMartin
85%
Denver2008-09KenyonMartin
85%
Denver2009-10KenyonMartin
85%
New Jersey2003-04KenyonMartin
85%
Portland2005-06ZachRandolph
85%
Memphis (Vancouver)2009-10ZachRandolph
85%
Portland2004-05ZachRandolph
85%
New York2007-08ZachRandolph
85%
Portland2006-07ZachRandolph
85%
LA Clippers2008-09ZachRandolph
85%
Washington2009-10AntawnJamison
84%
Washington2004-05AntawnJamison
84%
Washington2008-09AntawnJamison
84%
Washington2007-08AntawnJamison
84%
Washington2006-07AntawnJamison
84%
Washington2005-06AntawnJamison
84%
Golden State2000-01AntawnJamison
84%
Chicago2009-10TajGibson
83%
Sacramento2000-01ChrisWebber
83%
Philadelphia2005-06ChrisWebber
83%
Sacramento2001-02ChrisWebber
83%
Sacramento2002-03ChrisWebber
83%
Sacramento2004-05ChrisWebber
83%
Cleveland2003-04CarlosBoozer
82%
Cleveland2002-03CarlosBoozer
82%
Utah2004-05CarlosBoozer
82%
Utah2007-08CarlosBoozer
82%
Utah2006-07CarlosBoozer
82%
Toronto2004-05ChrisBosh
82%
Toronto2005-06ChrisBosh
82%
Toronto2006-07ChrisBosh
82%
Toronto2008-09ChrisBosh
82%
Toronto2009-10ChrisBosh
82%
Toronto2007-08ChrisBosh
82%
Philadelphia2008-09ThaddeusYoung
82%
Phoenix2000-01ShawnMarion
81%
Phoenix2001-02ShawnMarion
81%
Phoenix2004-05ShawnMarion
81%
Phoenix2005-06ShawnMarion
81%
Phoenix2006-07ShawnMarion
81%
Phoenix2007-08ShawnMarion
81%
Phoenix2008-09AmareStoudemire
81%
Charlotte2009-10BorisDiaw
80%
Charlotte2008-09BorisDiaw
80%
Chicago2003-04AntonioDavis
78%
Toronto2001-02AntonioDavis
78%
Chicago2004-05AntonioDavis
78%
Orlando2009-10RashardLewis
78%
Orlando2007-08RashardLewis
78%
Orlando2008-09RashardLewis
78%
Oklahoma City (Seattle)2001-02RashardLewis
78%
Denver2006-07HilarioNene
76%
Denver2003-04HilarioNene
76%
Milwaukee2004-05JoeSmith
76%
Milwaukee2003-04JoeSmith
76%
Minnesota2001-02JoeSmith
76%
Detroit2000-01JoeSmith
76%
Chicago2007-08JoeSmith
76%
New Orleans2006-07DavidWest
76%
New Orleans2008-09DavidWest
76%
New Orleans2009-10DavidWest
76%
New Orleans2005-06DavidWest
76%
New Orleans2007-08DavidWest
76%
Phoenix2009-10ChanningFrye
75%
New York2006-07ChanningFrye
75%
New York2009-10DaniloGallinari
74%
Boston2003-04VinBaker
73%
Cleveland2005-06DrewGooden
73%
Cleveland2006-07DrewGooden
73%
Cleveland2007-08DrewGooden
73%
Cleveland2004-05DrewGooden
73%
Atlanta2003-04ShareefAbdur-Rahim
71%
Atlanta2001-02ShareefAbdur-Rahim
71%
Atlanta2002-03ShareefAbdur-Rahim
71%
Detroit2003-04MehmetOkur
71%
Utah2005-06MehmetOkur
71%
Utah2003-04AndreiKirilenko
69%
Detroit2001-02CliffordRobinson
69%
Detroit2002-03CliffordRobinson
69%
Golden State2003-04CliffordRobinson
69%
Oklahoma City (Seattle)2009-10JeffGreen
67%
Oklahoma City (Seattle)2008-09JeffGreen
67%
Oklahoma City (Seattle)2007-08JeffGreen
67%
Sacramento2003-04BradMiller
67%
Oklahoma City (Seattle)2006-07NickCollison
66%
Oklahoma City (Seattle)2005-06NickCollison
66%
Charlotte2005-06JumaineJones
65%
Sacramento2006-07KennyThomas
65%
LA Clippers2007-08TimThomas
65%
Philadelphia2003-04KennyThomas
65%
New York2004-05KurtThomas
65%
New York2003-04KurtThomas
65%
Houston2001-02KennyThomas
65%
Sacramento2005-06KennyThomas
65%
Chicago2008-09TyrusThomas
65%
Philadelphia2004-05KennyThomas
65%
Atlanta2005-06AlHarrington
64%
New York2008-09AlHarrington
64%
Memphis (Vancouver)2000-01OthellaHarrington
64%
New York2002-03OthellaHarrington
64%
Golden State2006-07AlHarrington
64%
Golden State2007-08AlHarrington
64%
Toronto2003-04DonyellMarshall
64%
Chicago2002-03DonyellMarshall
64%
Toronto2000-01CharlesOakley
63%
Chicago2001-02CharlesOakley
63%
Milwaukee2001-02AnthonyMason
61%
Milwaukee2002-03AnthonyMason
61%
Miami2000-01AnthonyMason
61%
Denver2000-01AntonioMcDyess
61%
Houston2008-09LuisScola
61%
Philadelphia2000-01TyroneHill
60%
Cleveland2001-02TyroneHill
60%
Utah2008-09PaulMillsap
56%
Utah2009-10PaulMillsap
56%
Boston2004-05RaefLaFrentz
54%
Boston2005-06RaefLaFrentz
54%
Orlando2000-01BoOutlaw
54%
Houston2009-10ChuckHayes
51%
Houston2006-07ChuckHayes
51%
Houston2007-08ChuckHayes
51%
Cleveland2009-10J.J.Hickson
51%
Philadelphia2001-02DerrickColeman
48%
Philadelphia2002-03DerrickColeman
48%
Washington2002-03ChristianLaettner
48%
Washington2001-02ChristianLaettner
48%
Milwaukee2008-09LucMbah a Moute
48%
Milwaukee2009-10LucMbah a Moute
48%
Oklahoma City (Seattle)2003-04VladimirRadmanovic
46%
LA Lakers2007-08VladimirRadmanovic
46%
Atlanta2000-01AlanHenderson
45%
Golden State2002-03TroyMurphy
45%
Golden State2004-05TroyMurphy
45%
Golden State2005-06TroyMurphy
45%
Indiana2007-08TroyMurphy
45%
Indiana2008-09TroyMurphy
45%
Indiana2009-10TroyMurphy
45%
Miami2009-10MichaelBeasley
44%
Milwaukee2005-06JamaalMagloire
44%
Oklahoma City (Seattle)2004-05ReggieEvans
43%
Philadelphia2007-08ReggieEvans
43%
Oklahoma City (Seattle)2002-03ReggieEvans
43%
Detroit2009-10JonasJerebko
43%
New Jersey2007-08NenadKrstic
43%
New Jersey2004-05NenadKrstic
43%
New Jersey2005-06NenadKrstic
43%
Cleveland2000-01ClarenceWeatherspoon
42%
LA Clippers2009-10MarcusCamby
40%
Orlando2005-06TonyBattie
37%
Orlando2004-05TonyBattie
37%
Orlando2006-07TonyBattie
37%
Sacramento2007-08MikkiMoore
37%
New Jersey2006-07MikkiMoore
37%
Sacramento2009-10JasonThompson
37%
Sacramento2008-09JasonThompson
37%
Golden State2008-09RonnyTuriaf
37%
LA Clippers2000-01CherokeeParks
36%
New York2005-06MalikRose
36%
Charlotte2006-07PrimozBrezec
35%
Charlotte2004-05PrimozBrezec
35%
Denver2005-06FranciscoElson
34%
Houston2000-01MauriceTaylor
33%
Orlando2001-02PatGarrity
31%
Orlando2002-03PatGarrity
31%
Houston2002-03EddieGriffin
31%
Houston2003-04KelvinCato
30%
Golden State2001-02DannyFortson
29%
Boston2006-07RyanGomes
29%
Minnesota2008-09RyanGomes
29%
Minnesota2007-08RyanGomes
29%
Minnesota2009-10RyanGomes
29%
Oklahoma City (Seattle)2000-01JelaniMcCoy
28%
New Jersey2008-09JiYianlian
27%
Milwaukee2007-08JiYianlian
27%
New Jersey2009-10JiYianlian
27%
Memphis (Vancouver)2008-09DarrellArthur
22%
New Orleans2004-05LeeNailon
21%
Milwaukee2000-01JasonCaffey
20%
Milwaukee2006-07BrianSkinner
20%
Phoenix2003-04JakeVoskuhl
20%
Philadelphia2006-07StevenHunter
19%
Chicago2005-06MikeSweetney
18%
Golden State2009-10AnthonyTolliver
18%

Score Distribution

Percentile by Number Answered

Percent of People with Each Score

Your Score History

You have not taken this quiz since the last reset